000 00717nam a2200289Ia 4500
005 20260324112401.0
008 008 260324s9999 xx 000 0 eng d
020 _a9781003453970
037 _aEBOOK
040 _aCRL
040 _beng
040 _cCRL
041 _2eng
041 _aeng
084 _qCRL
100 _aEden Thain
_91142471
245 0 _aReimagining Poverty through Social Contextual Analyses
245 0 _bFinding New Ways to Understand ‘Getting By’
260 _bTaylor and Francis
260 _c2024
365 _a
365 _b220
856 _uhttp://www.taylorfrancis.com/books/9781003453970
942 _cEBOOK
999 _c1731659
_d1731659